00470nam a2200157Ia 4500003000400000005001700004008004100021040000900062082001900071100003500090245007800125260003900203300000900242942004400251999001700295OSt20200605112102.0190216s9999||||xx |||||||||||||| ||und|| coclc a320.954bSAI/P aSaiyid, Matlubul Hasan 92517 4aThe Political Study Of Mohammad Ali Jinnah Vol 1 /cMatlubul Hasan Saiyid bAnmol Publications,c1986.aDelhi: a476p cBK2ddch320.954iSAI/Pk320.954mSAI/P c19910d19910